000 00249nam a22001217a 4500
008 181030b xxu||||| |||| 00| 0 eng d
041 _aeng
080 _a941
100 _a16
101 _ahis
245 _aFood History
_cReay.T
942 _2udc
_cBK
999 _c51147
_d51147